00485nam a2200157Ia 450000500170000000800410001708200130005810000180007124500300008926000280011930000130014750000470016094200060020795200990021399900150031220250323135929.0240331s9999 xx 000 0 und d bMUTa894 aMuthumohan, N 0aAmaippiyal pin amaippiyal aBangalorebKavvyac1998 a179 p ., aA book of Structuralism post Structuralism cL 001040708LaWERCLbWERCLcSSCd2024-03-31l0o 894.811 MUTp4406r2024-03-31w2024-03-31yL c4105d4105